000 00509nam a2200157Ia 4500
008 160316s1994 xxu||||| |||| 00| 0 eng d
082 _a0.000000
_b
100 _a
245 _a40 years of human rights protection by the council of Europe : Achivements, prospectus and pan-European vocation and 40th anniversary of the signing of the European convention on human rights
250 _a
260 _aStrasbourg
_bCouncil of Europe
_c1994
300 _a77p
_b
_c
365 _b
650 _a
700 _a
_a
999 _c17440
_d17440